Study guide preparation for the theoretical exam in Introduction to Surgical techniques = Tanulási útmutató : felkészülés az elméleti vizsgára Bevezetés a sebészeti műtéttanba c. tárgyból /

Tartalom: Tantárgy célja A tantárgy elvárt kimeneti követelményei (Kompetenciamérő lap) Számonkérés módja A képzés sikeres elvégzésének feltételei A tanulási eredmények értékelése A kollokviumjegy számítása A tanulási eredmények elérését támogató módszerek: ad 1. Előadások ad 2. Konzultáció az e...

Teljes leírás

Elmentve itt :
Bibliográfiai részletek
Szerzők: Szabó Andrea
Poles Marietta Zita
További közreműködők: Kovách Kornél
Boros Mihály
Érces Dániel
Hartmann Petra
Horváth Tamara
Juhász László
Kaszaki József
Rutai Attila
Tallósy Szabolcs Péter
Varga Gabriella
Dokumentumtípus: Útmutató
Megjelent: 2020
Kulcsszavak:sebészet
Tárgyszavak:
Online Access:http://eta.bibl.u-szeged.hu/3036
LEADER 02390nnm a2200361 i 4500
001 eta3036
005 20200629094624.0
008 200629s2020 hu o 0|| eng d
040 |a SZTE Elektronikus Tananyag Archívum  |b hun 
041 |a eng 
100 1 |a Szabó Andrea 
245 1 0 |a Study guide   |h [elektronikus dokumentum] :  |b preparation for the theoretical exam in Introduction to Surgical techniques = Tanulási útmutató : felkészülés az elméleti vizsgára Bevezetés a sebészeti műtéttanba c. tárgyból /  |c  Szabó Andrea 
260 |c 2020 
300 |a 39 
516 |a Guide 
520 3 |a Tartalom: Tantárgy célja A tantárgy elvárt kimeneti követelményei (Kompetenciamérő lap) Számonkérés módja A képzés sikeres elvégzésének feltételei A tanulási eredmények értékelése A kollokviumjegy számítása A tanulási eredmények elérését támogató módszerek: ad 1. Előadások ad 2. Konzultáció az előadókkal ad 3. Kötelező irodalom ad 4. Az alábbi című videók a Coospace-en (wmw) Témakörök (az elsajátítandó tanagyag sorrendje a források megjelölésével) Források és önellenőrző kérdések (témakörönként) 
520 3 |a Contents: The aim of the subject Expected output requirements for the course (specific learning outcomes to be achieved with the subject): (Competence evalutaion sheet) Criteria for completing the course Assessment of learning outcomes Grading Methods to support learning outcome: ad 1. Lectures ad 2. Consultation with the lecturers ad 3. Compulsory textbooks, recommended literature ad 4. Tutorial videos at Coospace-en (wmw) Topics (in suggested order of the studies) Sources and self-checking questions (detailed by topics) 
650 4 |a Orvos- és egészségtudomány 
650 4 |a Klinikai orvostan 
650 4 |a Sebészet 
695 |a sebészet 
700 0 1 |a Kovách Kornél 
700 0 1 |a Boros Mihály 
700 0 1 |a Érces Dániel 
700 0 1 |a Hartmann Petra 
700 0 1 |a Horváth Tamara 
700 0 1 |a Juhász László 
700 0 1 |a Kaszaki József 
700 0 1 |a Rutai Attila 
700 0 1 |a Tallósy Szabolcs Péter 
700 0 1 |a Varga Gabriella 
700 0 1 |a Poles Marietta Zita  |e aut 
856 4 0 |u https://eta.bibl.u-szeged.hu/3036/1/Preparation%20for%20the%20THEORETICAL%20exam%20in%20Introduction%20to%20Surgical%20Techniques_Study%20Guide%200618.pdf  |z Dokumentum-elérés